Les animaux les plus dangereux - Statistiques

Statistiques générales
  • Ce quiz a été pris 599 fois
    598 depuis la dernière actualisation
  • Le résultat moyen est 6 sur 10
Statistiques - réponses
Nombre de
personnes
tuées par an
Réponses % Correct
10 200 Lion
89%
1 725 000 Moustique
85%
3 138 000 Serpent
77%
4 59 000 Chien (colère)
73%
9 500 Hippopotame
62%
8 600 Éléphant
59%
7 1 000 Crocodiles
50%
6 3 300 Scorpion
32%
2 400 000 Homme (meutre uniquement)
26%
5 10 000 Punaise de lit Triatominae (maladie de Chagas)
2%
Aucun quiz correspondant
Distribution des résultats
% des personnes avec chaque résultat
Percentile par nombre de réponses
Votre historique - résultats
Vous n’avez pas pris ce quiz depuis la dernière actualisation